| 000 | 00503cam a22001812 4500 | ||
|---|---|---|---|
| 001 | 0000009839 | ||
| 005 | 20151217152059.0 | ||
| 008 | 081203s xx 000 0 eng d | ||
| 040 |
_aKABU _cKABU |
||
| 100 | 1 |
_aTchehov, Anton. _@0000161608 |
|
| 245 | 1 | 4 |
_aThe Witch and other stories / _cAnton Tchehov. |
| 250 | _a1st ed. | ||
| 260 |
_aLondon : _bChatto & Windus, _c1918. |
||
| 300 | _a328 p. | ||
| 852 | 1 | _9p100 KES | |
| 908 | _a081203 | ||
| 950 | _@1 | ||
| 999 |
_c8014 _d8014 |
||